000 00421nam a2200157Ia 4500
008 210210b1981 xxu||||| |||| 00| 0 eng d
082 _a547.7 CHAC
100 _aCHATWAL (Gurdeep R).
245 _aChemistry of organic natural products.V1.
260 _aBombay
_bHimalaya Publishing House
_c1981
300 _aviii,592
440 _a1
650 _aNatural Products
690 _aOrganic Chemistry
906 _aSG01904
999 _c113018
_d113018